• 首页
  • 本馆介绍
  • 公告通知
  • 最新文献
  • 馆藏检索
  • 电子资源
  • 读者导购
  • 参考咨询
  • 我的图书馆
  • 登录
  • 详细信息显示
  • 放入我的书架
  • 预约/预借图书
  • 作者相关作品
  • 分类相关作品
  • 丛书相关作品
  • 出版社相关作品

书目信息

  • 表格格式
  • 工作单格式
  • 卡片格式
题名:
裴多菲
    
 
作者: 安道尔 著 ;史瑞祥 译
分册:  
出版信息: 郑州   黄河文艺出版社  1985
页数: 416页
开本: 20cm
丛书名: 外国名作家传记丛书
单 册:
中图分类: K835.155.6 , I515.45
科图分类:
主题词:
电子资源:
ISBN:
000 00814nam2 2200301 45
001 0185011147
005 20040413091458.0
010    @dCNY2.80
091    @b10385.9
100    @a19930916d1985 emky0chiy0121 ea
101 1  @achi@chun
102    @aCN@b410000
105    @ay z 000yb
106    @ar
200 10 @a裴多菲@Apei duo fei@dPeiduofel@f(匈)安道尔著@g史瑞祥译@zeng
210    @a郑州@c黄河文艺出版社@d1985
215    @a416页@d20cm
225 2  @a外国名作家传记丛书
410  0 @120010@a外国名作家传记丛书
600  1 @a裴多菲@bS.@x传记
610 0  @a作家@a近代
690    @aK835.155.6@v3
690    @aI515.45
701  0 @a安道尔@Aan dao er@4著
702  0 @a史瑞祥@Ashi rui xiang@4译
801  0 @aCN@b深圳图书馆@c20040413
801  2 @aCN@bNLC@c20040413
905    @f4@b138684-687@dI515.45@e6
    
    裴多菲=Peiduofel/(匈)安道尔著/史瑞祥译.-郑州:黄河文艺出版社,1985
    416页;20cm.-(外国名作家传记丛书)
    
    
    ISBN :CNY2.80
    
●
相关链接 在E读中查询图书 在五车中查询图书 在当当中查询图书 在豆瓣中查询图书


正题名:裴多菲     索取号:I515.45/6         预约/预借

序号 登录号 条形码 馆藏地/架位号 状态 备注
1 0138684   000334775   第二借阅区/ [索取号:I515.45/6] 在馆    
2 0138685   000334695   第二借阅区/ [索取号:I515.45/6] 在馆    
3 0138686   000334819   第二借阅区/ [索取号:I515.45/6] 在馆    
4 0138687   000334739   第二借阅区/ [索取号:I515.45/6] 在馆    
5 0138688   202109002   第一样本阅览室/ [索取号:I515.45/6] 在馆    
唐山师范学院图书馆 欢迎您!
大连网信软件有限公司© 版权所有